[Event "29ème Open International d'Echecs d'Avoi"]
[Site "Avoine"]
[Date "2014.07.19"]
[Round "5.28"]
[White "Shirazi, Kamran"]
[Black "Lukasiewicz, Anna"]
[Result "1-0"]
[WhiteElo "2363"]
[BlackElo "2062"]
[PlyCount "61"]
[EventDate "2014.??.??"]

1. d4 d5 2. Bg5 g6 3. c4 c6 4. Nc3 Bg7 5. e3 Nf6 6. Nf3 O-O 7. Qb3 Ne4 8. cxd5
Nxg5 9. Nxg5 e5 10. Nf3 exd4 11. Nxd4 cxd5 12. Qxd5 Qb6 13. Qb5 Bxd4 14. exd4
Qxd4 15. Rd1 Qf6 16. Nd5 Qe5+ 17. Be2 b6 18. f4 Qd6 19. Bf3 Bb7 20. O-O Ba6 21.
Qb4 Qxb4 22. Nxb4 Bxf1 23. Kxf1 a5 24. Bxa8 axb4 25. Bb7 Kg7 26. Rd6 h5 27.
Rxb6 Nd7 28. Rxb4 Rb8 29. Rb5 Nf6 30. a4 Ng4 31. a5 1-0

[Event "29ème Open International d'Echecs d'Avoi"]
[Site "Avoine"]
[Date "2014.07.19"]
[Round "5.29"]
[White "Gervasio, Ricardo"]
[Black "Lefebvre, Pierre"]
[Result "1-0"]
[WhiteElo "2281"]
[BlackElo "2050"]
[PlyCount "57"]
[EventDate "2014.??.??"]

1. d4 Nf6 2. c4 e6 3. Nc3 d5 4. Nf3 c6 5. e3 Nbd7 6. Bd3 Bd6 7. e4 dxe4 8. Nxe4
Nxe4 9. Bxe4 e5 10. O-O O-O 11. dxe5 Nxe5 12. Nxe5 Bxe5 13. Bxh7+ Kxh7 14. Qh5+
Kg8 15. Qxe5 Re8 16. Qg3 Qd4 17. Bf4 Qxc4 18. h3 Bf5 19. Be5 Bg6 20. f4 Qd3 21.
Rf3 Qf5 22. Qf2 f6 23. Bc3 Qc2 24. Qh4 Kf7 25. f5 Bxf5 26. Raf1 Re2 27. Rg3 Rf8
28. Qh5+ Bg6 29. Rxg6 1-0

[Event "29ème Open International d'Echecs d'Avoi"]
[Site "Avoine"]
[Date "2014.07.19"]
[Round "5.30"]
[White "Monpeurt, Cyrielle"]
[Black "Le Borgne, Pierre"]
[Result "1-0"]
[WhiteElo "2045"]
[BlackElo "2280"]
[PlyCount "83"]
[EventDate "2014.??.??"]

1. e4 d6 2. d4 Nf6 3. Nc3 Nbd7 4. Nf3 e5 5. Bc4 Be7 6. O-O O-O 7. a4 Nb6 8. Ba2
exd4 9. Nxd4 c5 10. Nde2 Be6 11. a5 Bxa2 12. Rxa2 Nc4 13. a6 b6 14. Nf4 Re8 15.
Nfd5 Qd7 16. b3 Na5 17. Qf3 Nc6 18. Nxf6+ Bxf6 19. Nd5 Re6 20. Qg4 Rd8 21. c3
Ne7 22. Nxf6+ Rxf6 23. Qxd7 Rxd7 24. Rd1 Re6 25. f3 f5 26. exf5 Nxf5 27. g4 Nh4
28. Kf2 Rf6 29. f4 Ng6 30. Kg3 d5 31. f5 Ne7 32. Bg5 Rfd6 33. Re2 Nc6 34. Rde1
d4 35. Re8+ Kf7 36. Ra8 Ne7 37. Bxe7 Rxe7 38. Rxe7+ Kxe7 39. Rxa7+ Kf6 40. Ra8
Rd7 41. a7 Kf7 42. Rf8+ 1-0

[Event "29ème Open International d'Echecs d'Avoi"]
[Site "Avoine"]
[Date "2014.07.19"]
[Round "5.31"]
[White "Le Huec, Marc"]
[Black "Rodon, Gurvan"]
[Result "1-0"]
[WhiteElo "2267"]
[BlackElo "2039"]
[PlyCount "47"]
[EventDate "2014.??.??"]

1. d4 Nf6 2. c4 e6 3. Nc3 Bb4 4. e3 O-O 5. Nge2 b6 6. a3 Be7 7. d5 d6 8. Ng3 e5
9. Bd3 g6 10. f4 Nfd7 11. f5 Nc5 12. Bc2 a5 13. O-O Nbd7 14. Bd2 Bg5 15. Qg4
Bh6 16. b4 axb4 17. axb4 Rxa1 18. Rxa1 Na6 19. Nce4 Nf6 20. Qh4 Nxe4 21. Qxh6
Nxd2 22. Nh5 gxh5 23. f6 e4 24. Qg7# 1-0

[Event "29ème Open International d'Echecs d'Avoi"]
[Site "Avoine"]
[Date "2014.07.19"]
[Round "5.32"]
[White "Secouard, Stephane"]
[Black "Lukasiewicz, Grzegorz"]
[Result "1/2-1/2"]
[WhiteElo "2038"]
[BlackElo "2265"]
[PlyCount "53"]
[EventDate "2014.??.??"]

1. e4 c6 2. d3 d5 3. Nd2 g6 4. g3 Bg7 5. Bg2 dxe4 6. Nxe4 Nf6 7. Ne2 Nbd7 8.
N2c3 O-O 9. O-O a5 10. a3 Nxe4 11. Nxe4 Nf6 12. Rb1 Nxe4 13. dxe4 Be6 14. Qxd8
Rfxd8 15. Bf4 Ba2 16. Ra1 Bc4 17. Rfb1 a4 18. e5 Be6 19. Re1 Bf5 20. Re2 Rd7
21. Rae1 Rad8 22. Bc1 Rd1 23. Kf1 Be6 24. Kg1 Bf5 25. Kf1 Be6 26. Kg1 Bf5 27.
Kf1 1/2-1/2

[Event "29ème Open International d'Echecs d'Avoi"]
[Site "Avoine"]
[Date "2014.07.23"]
[Round "5.33"]
[White "Primel, Dominique"]
[Black "Aubry, Yannis"]
[Result "0-1"]
[WhiteElo "2011"]
[BlackElo "2255"]
[PlyCount "148"]
[EventDate "2014.??.??"]

1. Nf3 d6 2. d4 g6 3. c4 Bg7 4. Nc3 Bg4 5. e3 c5 6. Be2 cxd4 7. exd4 Nh6 8. O-O
Nf5 9. Be3 O-O 10. Qd2 a6 11. d5 Nd7 12. Rac1 Rc8 13. b3 Qa5 14. Nd4 Nxe3 15.
Qxe3 Bxd4 16. Qxd4 Bxe2 17. Nxe2 Qxa2 18. Qe3 Ne5 19. Nd4 Qa5 20. Rcd1 Qc5 21.
Kh1 Rce8 22. f4 Ng4 23. Qg3 f5 24. h3 Nf6 25. Ne6 Ne4 26. Qf3 Qb4 27. Qd3 Rf6
28. g4 Qc3 29. Qxc3 Nxc3 30. Rd3 Ne4 31. g5 Rf7 32. h4 Rc8 33. Kg1 Nc5 34. Re3
Nxe6 35. Rxe6 b5 36. cxb5 axb5 37. Ra1 Rc5 38. Ra8+ Kg7 39. Ra7 Rxd5 40. Rexe7
Rxe7 41. Rxe7+ Kg8 42. Kf2 Rd3 43. Rd7 Kf8 44. Ke2 Ke8 45. Rxh7 Rxb3 46. Rg7
Rh3 47. Rxg6 Rxh4 48. Rxd6 Rxf4 49. Rb6 b4 50. Rb7 Rg4 51. g6 Rxg6 52. Rxb4 Kf7
53. Rb7+ Kf6 54. Rb6+ Kg5 55. Rb5 Kg4 56. Kf2 Ra6 57. Rb2 Ra3 58. Rc2 f4 59.
Rc8 Ra2+ 60. Kf1 Kg3 61. Rg8+ Kf3 62. Ke1 Ra1+ 63. Kd2 Kf2 64. Rf8 f3 65. Rf7
Ra8 66. Re7 Rd8+ 67. Kc3 Kg2 68. Rg7+ Kf1 69. Rf7 f2 70. Kc2 Rd5 71. Rf8 Ke2
72. Re8+ Kf3 73. Rf8+ Ke3 74. Re8+ Kf4 0-1

[Event "29ème Open International d'Echecs d'Avoi"]
[Site "Avoine"]
[Date "2014.07.19"]
[Round "5.34"]
[White "Gerard, Nicolas"]
[Black "Nord, Antoine"]
[Result "1-0"]
[WhiteElo "2251"]
[BlackElo "2007"]
[PlyCount "95"]
[EventDate "2014.??.??"]

1. d4 c6 2. c4 d5 3. Nf3 Nf6 4. e3 a6 5. Bd3 b5 6. b3 Bg4 7. Nbd2 e6 8. Qc2
Nbd7 9. O-O Bd6 10. Bb2 Qb8 11. a4 b4 12. cxd5 cxd5 13. Ne5 Ra7 14. Nc6 Bxh2+
15. Kh1 Rc7 16. Nxb8 Rxc2 17. Bxc2 Bxb8 18. a5 Be2 19. Rfe1 Bb5 20. Nf3 Ke7 21.
Kg1 Rc8 22. Rec1 h6 23. Ne1 Bd6 24. Bd3 Rb8 25. f3 Bxd3 26. Nxd3 Rb5 27. Rc2
Nb8 28. Bc1 Kd7 29. Bd2 Nc6 30. Ra4 Nxa5 31. Bxb4 Bxb4 32. Nxb4 Nxb3 33. Nxa6
Rb7 34. Rb2 Ke8 35. Nb4 Nc1 36. Rc2 Nb3 37. Ra8+ Kd7 38. Nd3 Ke7 39. Rb2 Nd7
40. Rc2 f6 41. Rb2 e5 42. Ra3 e4 43. Nf4 Ndc5 44. Nxd5+ Ke6 45. Nf4+ Ke7 46.
Rc2 Ne6 47. Nxe6 Kxe6 48. fxe4 1-0

[Event "29ème Open International d'Echecs d'Avoi"]
[Site "Avoine"]
[Date "2014.07.19"]
[Round "5.35"]
[White "Viers, Emmanuel"]
[Black "Ternault, Mathieu"]
[Result "1-0"]
[WhiteElo "2001"]
[BlackElo "2220"]
[PlyCount "101"]
[EventDate "2014.??.??"]

1. e4 e6 2. d4 d5 3. Nd2 h6 4. Bd3 Nf6 5. e5 Nfd7 6. Ne2 c5 7. c3 Nc6 8. O-O
Qb6 9. Nf3 g5 10. h3 a5 11. b3 Be7 12. Be3 Qa7 13. Ne1 a4 14. Nc2 Qb6 15. Rb1
axb3 16. axb3 cxd4 17. cxd4 Ndb8 18. b4 Bd7 19. f4 Ra2 20. b5 Na7 21. Nc3 Ra5
22. Qh5 Kd8 23. fxg5 Be8 24. gxh6 f5 25. Qe2 Nd7 26. g4 fxg4 27. hxg4 Nf8 28.
g5 Nc8 29. Ra1 Rxa1 30. Rxa1 Qc7 31. Nd1 Nb6 32. Nf2 Nc4 33. Ra8+ Kd7 34. Bxc4
Qxc4 35. Qxc4 dxc4 36. Na3 c3 37. Ne4 c2 38. Nf6+ Bxf6 39. exf6 Bg6 40. Kf2 Bd3
41. Ke1 Ng6 42. Rxh8 Nxh8 43. Kd2 c1=Q+ 44. Kxc1 Ke8 45. Kd2 Bf1 46. Kc3 Ng6
47. Nc4 Kf7 48. Kb4 Bg2 49. h7 Nh8 50. Ne5+ Kf8 51. g6 1-0

[Event "29ème Open International d'Echecs d'Avoi"]
[Site "Avoine"]
[Date "2014.07.19"]
[Round "5.36"]
[White "Marie, Maxime"]
[Black "Ladisic, Alex-Sacha"]
[Result "1-0"]
[WhiteElo "2211"]
[BlackElo "1998"]
[PlyCount "109"]
[EventDate "2014.??.??"]

1. c4 Nf6 2. g3 d6 3. Bg2 e5 4. Nc3 g6 5. e3 Bg7 6. Nge2 O-O 7. h3 Nc6 8. O-O
Be6 9. Nd5 Qd7 10. Kh2 Ne8 11. d3 f5 12. Rb1 Nd8 13. b4 c6 14. Ndc3 e4 15. Bb2
exd3 16. Qxd3 Qf7 17. c5 Bc4 18. Qc2 dxc5 19. bxc5 Ne6 20. Rfd1 N8c7 21. Ba3
Ba6 22. Rd6 Rfd8 23. Rbd1 Ne8 24. Rxd8 Rxd8 25. Rxd8 Nxd8 26. e4 Ne6 27. exf5
gxf5 28. Qd2 Nf6 29. Ng1 Nd7 30. Nf3 Ndxc5 31. Ng5 Qg6 32. Nxe6 Nxe6 33. Ne2
Qf7 34. Nf4 Bh6 35. Qd6 Bf8 36. Qb8 Nxf4 37. gxf4 Kg7 38. Bb2+ Kg6 39. Qe5 Bg7
40. Qd6+ Bf6 41. Bf3 Qe7 42. Qd2 Bxb2 43. Qxb2 Bf1 44. Qh8 Bc4 45. a4 Bf7 46.
a5 Qe8 47. Bh5+ Kh6 48. Qxe8 Bxe8 49. Bxe8 c5 50. Kg3 b6 51. axb6 axb6 52. Kf3
Kg7 53. Ke3 Kf6 54. Kd3 Ke7 55. Bb5 1-0

[Event "29ème Open International d'Echecs d'Avoi"]
[Site "Avoine"]
[Date "2014.07.19"]
[Round "5.37"]
[White "Eden, James"]
[Black "Dessenne, Francois"]
[Result "1-0"]
[WhiteElo "2207"]
[BlackElo "1994"]
[PlyCount "107"]
[EventDate "2014.??.??"]

1. b3 e5 2. Bb2 Nc6 3. e3 Nf6 4. Bb5 Bd6 5. Na3 Na5 6. Be2 a6 7. c4 Qe7 8. Nc2
Nc6 9. d4 exd4 10. exd4 Bb4+ 11. Kf1 Ne4 12. Nf3 Bc3 13. Bxc3 Nxc3 14. Qd3 Nxe2
15. Re1 O-O 16. Rxe2 Qf6 17. d5 Ne7 18. d6 Ng6 19. Qd4 Qxd6 20. Qxd6 cxd6 21.
Nfd4 b5 22. cxb5 axb5 23. Nb4 Bb7 24. f3 Nf4 25. Rd2 Rab8 26. Kf2 g6 27. Rhd1
Ba8 28. Ne2 Nxe2 29. Kxe2 Rfe8+ 30. Kf2 Re6 31. Rxd6 Bc6 32. Rxe6 fxe6 33. Rd6
Ra8 34. Ke3 Kf7 35. Kd4 e5+ 36. Kc5 Ke7 37. Rd2 Rc8 38. Nxc6+ dxc6 39. a4 bxa4
40. bxa4 Ra8 41. Ra2 Ra6 42. a5 Ke6 43. Ra4 Kd7 44. Kb4 Ke6 45. Ra2 Kf5 46. Ka4
Ke6 47. Rb2 Ra7 48. Rb6 Kd5 49. a6 Kc5 50. Ka5 Rd7 51. Rb2 Rd1 52. Rc2+ Kd5 53.
Ra2 Kc4 54. Kb6 1-0

[Event "29ème Open International d'Echecs d'Avoi"]
[Site "Avoine"]
[Date "2014.07.19"]
[Round "5.38"]
[White "Cau, Benjamin"]
[Black "Gros, Patrick"]
[Result "0-1"]
[WhiteElo "2148"]
[BlackElo "1984"]
[PlyCount "42"]
[EventDate "2014.??.??"]

1. e4 d6 2. d4 Nf6 3. Nc3 c6 4. f3 Nbd7 5. Be3 e5 6. Qd2 Be7 7. O-O-O O-O 8. g4
b5 9. h4 b4 10. Nce2 Qa5 11. Kb1 Nb6 12. Nc1 exd4 13. Bxd4 c5 14. Be3 Be6 15.
h5 c4 16. Qh2 Na4 17. Nge2 Nc3+ 18. Nxc3 bxc3 19. bxc3 Rab8+ 20. Nb3 cxb3 21.
axb3 Bxb3 0-1

[Event "29ème Open International d'Echecs d'Avoi"]
[Site "Avoine"]
[Date "2014.07.19"]
[Round "5.39"]
[White "Malassagne, Raphael"]
[Black "Van Gils, Martin"]
[Result "1/2-1/2"]
[WhiteElo "2138"]
[BlackElo "1980"]
[PlyCount "71"]
[EventDate "2014.??.??"]

1. d4 c5 2. dxc5 Na6 3. Nc3 Nf6 4. g3 e6 5. Bg2 Bxc5 6. e3 d5 7. Nge2 O-O 8. a3
Bd7 9. O-O Rc8 10. Qd3 Be7 11. Rd1 Nc5 12. Qd4 Qc7 13. a4 b6 14. Nb5 Qb8 15.
Nbc3 Rfe8 16. Qd2 a6 17. e4 Ncxe4 18. Nxe4 dxe4 19. Nc3 Bc6 20. Qe2 Qb7 21. Bf1
a5 22. Qa6 Bc5 23. Qxb7 Bxb7 24. Be2 Red8 25. Bf4 Kf8 26. Rxd8+ Rxd8 27. Rd1
Rxd1+ 28. Nxd1 Nd5 29. Bd2 Ke7 30. c3 Kd7 31. Ne3 Nxe3 32. fxe3 Kc7 33. Kf2 Bc6
34. b4 Be7 35. Bd1 Bd5 36. Be2 1/2-1/2

[Event "29ème Open International d'Echecs d'Avoi"]
[Site "Avoine"]
[Date "2014.07.19"]
[Round "5.40"]
[White "Baroudel, Hadrien"]
[Black "Caille, Vincent"]
[Result "0-1"]
[WhiteElo "1967"]
[BlackElo "2113"]
[PlyCount "72"]
[EventDate "2014.??.??"]

1. e4 c5 2. Nc3 Nc6 3. g3 g6 4. Bg2 Bg7 5. d3 e6 6. Be3 Nd4 7. Qd2 Ne7 8. Nd1
d6 9. c3 Ndc6 10. Bh6 O-O 11. h4 f6 12. Bxg7 Kxg7 13. h5 Rh8 14. f4 d5 15. Nf2
b5 16. Ne2 Bb7 17. O-O-O b4 18. hxg6 h6 19. exd5 exd5 20. Kb1 Ba6 21. g4 Nxg6
22. f5 bxc3 23. Qxc3 Qe7 24. Rhe1 Nge5 25. Nf4 d4 26. Ng6 dxc3 27. Nxe7 Nxe7
28. Bxa8 Rxa8 29. bxc3 Nd5 30. Kc2 Rb8 31. Re4 c4 32. d4 Nd3 33. Nxd3 cxd3+ 34.
Kc1 Nxc3 35. Re7+ Kf8 36. Rde1 Ne2+ 0-1

[Event "29ème Open International d'Echecs d'Avoi"]
[Site "Avoine"]
[Date "2014.07.19"]
[Round "5.41"]
[White "Auroy, Didier"]
[Black "Grigorian, Roudolph"]
[Result "1-0"]
[WhiteElo "1953"]
[BlackElo "2107"]
[PlyCount "85"]
[EventDate "2014.??.??"]

1. d4 d5 2. Nf3 Nf6 3. e3 e6 4. Bd3 c5 5. b3 Nc6 6. Bb2 Bd6 7. O-O O-O 8. Nbd2
Nd7 9. c4 Qe7 10. e4 Nxd4 11. Bxd4 cxd4 12. exd5 exd5 13. Qc2 g6 14. Rae1 Qf6
15. cxd5 Nc5 16. Ne4 Nxe4 17. Rxe4 Bf5 18. Rxd4 Rac8 19. Qd1 Rc3 20. Bxf5 Qxf5
21. Nh4 Qe5 22. g3 Rfc8 23. Rd2 Qf6 24. Qe2 b6 25. Ng2 h5 26. Ne3 Re8 27. Qb5
Re4 28. Nc4 Bc5 29. d6 Rd4 30. Qe8+ Kg7 31. Rxd4 Bxd4 32. d7 Rc1 33. Ne3 Bxe3
34. Qxe3 Rc6 35. Rd1 Rd6 36. Rxd6 Qxd6 37. Qe8 Qd1+ 38. Kg2 Qd5+ 39. f3 Qd2+
40. Kh3 Qf2 41. d8=Q Qf1+ 42. Kh4 g5+ 43. Qxg5+ 1-0

[Event "29ème Open International d'Echecs d'Avoi"]
[Site "Avoine"]
[Date "2014.07.19"]
[Round "5.42"]
[White "Vidal, Llewellyn"]
[Black "Caloone, Thomas"]
[Result "1-0"]
[WhiteElo "2102"]
[BlackElo "1945"]
[PlyCount "91"]
[EventDate "2014.??.??"]

1. Nf3 Nf6 2. c4 e6 3. g3 d5 4. Bg2 Be7 5. O-O O-O 6. d4 c6 7. Nc3 Nbd7 8. Qc2
b6 9. Bf4 Bb7 10. Rac1 Re8 11. Rfd1 Nh5 12. Be3 Bd6 13. b3 Rc8 14. Qb2 Qe7 15.
Rc2 Red8 16. Bg5 f6 17. Bc1 f5 18. Bg5 Nhf6 19. e3 h6 20. Bxf6 Qxf6 21. b4 g5
22. b5 dxc4 23. Nd2 Qf7 24. Nxc4 Nf6 25. Nxd6 Rxd6 26. bxc6 Bxc6 27. Nb5 Bxb5
28. Rxc8+ Be8 29. Rdc1 Nd5 30. Bxd5 Rxd5 31. R1c7 Rd7 32. Qc2 Kg7 33. Rxd7 Bxd7
34. Rc7 Qe7 35. Rxa7 Kf7 36. Qc7 Ke8 37. Qxb6 g4 38. Qb8+ Kf7 39. Qc7 Ke8 40.
Qxd7+ Qxd7 41. Rxd7 Kxd7 42. f4 Kc6 43. Kf2 Kb5 44. Ke2 Kc4 45. Kd2 h5 46. Kc2
1-0

[Event "29ème Open International d'Echecs d'Avoi"]
[Site "Avoine"]
[Date "2014.07.19"]
[Round "5.43"]
[White "Roussel, Glenn"]
[Black "Soyer, Jean-Yves"]
[Result "1/2-1/2"]
[WhiteElo "1930"]
[BlackElo "2080"]
[PlyCount "71"]
[EventDate "2014.??.??"]

1. e4 c5 2. Nc3 Nc6 3. Bb5 Na5 4. f4 a6 5. Be2 b5 6. Nf3 Bb7 7. d3 e6 8. O-O
Nf6 9. Qe1 b4 10. Nd1 d5 11. e5 Ng8 12. d4 Nh6 13. c3 Nc6 14. Bd3 g6 15. h3
cxd4 16. cxd4 Nf5 17. Qf2 Qb6 18. Bxf5 gxf5 19. Be3 a5 20. b3 Ba6 21. Re1 Be7
22. Nb2 Bb5 23. Rac1 h6 24. Rc2 Kd7 25. Rec1 Rac8 26. Ne1 Na7 27. Ned3 Bxd3 28.
Nxd3 Rxc2 29. Rxc2 Rc8 30. Nc5+ Bxc5 31. dxc5 Qb5 32. Qe1 Qd3 33. Rd2 Qe4 34.
Rd4 Qc2 35. Rd2 Qe4 36. Rd4 1/2-1/2

[Event "29ème Open International d'Echecs d'Avoi"]
[Site "Avoine"]
[Date "2014.07.19"]
[Round "5.44"]
[White "Batteux, Mickael"]
[Black "Seite, Sullian"]
[Result "1-0"]
[WhiteElo "2077"]
[BlackElo "1550"]
[PlyCount "83"]
[EventDate "2014.??.??"]

1. d4 Nf6 2. Nf3 c5 3. e3 d5 4. Bd3 e6 5. O-O Bd6 6. b3 O-O 7. Bb2 Nc6 8. Nbd2
Qe7 9. Ne5 Qc7 10. Nxc6 bxc6 11. Nf3 cxd4 12. exd4 Be7 13. Qe2 Bb7 14. Ne5 Rac8
15. Rad1 Rfd8 16. Rfe1 Qa5 17. Nxf7 Rf8 18. Ng5 Bb4 19. Qxe6+ Kh8 20. Re3 Rce8
21. Qh3 Rxe3 22. fxe3 Bc8 23. Qh4 h6 24. a3 Be7 25. Nf3 Bg4 26. Rf1 Bxf3 27.
Rxf3 Bxa3 28. Bxa3 Qxa3 29. Qe1 Re8 30. h3 Qb2 31. Qf1 Re6 32. Qf2 Qa3 33. Qg3
Qe7 34. Qb8+ Qe8 35. Qxe8+ Rxe8 36. Kf2 a5 37. Ke2 a4 38. bxa4 Ra8 39. Rf1 Rxa4
40. Rb1 Ne4 41. Rb8+ Kh7 42. Re8 1-0

[Event "29ème Open International d'Echecs d'Avoi"]
[Site "Avoine"]
[Date "2014.07.19"]
[Round "5.45"]
[White "Coursaget, Nicolas"]
[Black "Lukasiewicz, Aleksander"]
[Result "1-0"]
[WhiteElo "2274"]
[BlackElo "1933"]
[PlyCount "113"]
[EventDate "2014.??.??"]

1. d4 d5 2. Nf3 Nf6 3. c4 e6 4. Nc3 Be7 5. Bf4 O-O 6. e3 b6 7. Qc2 Bb7 8. a3
Nbd7 9. cxd5 Nxd5 10. Nxd5 Bxd5 11. Bd3 Nf6 12. Qxc7 Qxc7 13. Bxc7 Rac8 14. Be5
Bc4 15. Ke2 Rc6 16. Rac1 Rfc8 17. Rxc4 Rxc4 18. Bxc4 Rxc4 19. Kd3 b5 20. h3 Kf8
21. Nd2 Rc6 22. Nb3 Nd7 23. Bg3 Nb6 24. Rc1 Nc4 25. Rc2 Bd6 26. Bxd6+ Rxd6 27.
Nd2 Nxd2 28. Kxd2 Rd7 29. Rc5 Rb7 30. Kc3 a5 31. a4 bxa4 32. Rxa5 Rb3+ 33. Kc2
Rb4 34. Kb1 Ke7 35. Ka2 g6 36. Rc5 h5 37. Rc2 Rb3 38. Rc3 Rb4 39. Ka3 Rb7 40.
Rc2 Ra7 41. h4 Kf6 42. Rc4 Kf5 43. f3 Kf6 44. e4 g5 45. hxg5+ Kxg5 46. Rxa4 Rc7
47. Ra5+ Kh4 48. b4 Rc2 49. b5 Rxg2 50. b6 Rg8 51. Kb4 Kg3 52. Rxh5 Kxf3 53. e5
Rg1 54. Rh3+ Ke4 55. b7 Rg8 56. Kc5 Rb8 57. Rb3 1-0

[Event "29ème Open International d'Echecs d'Avoi"]
[Site "Avoine"]
[Date "2014.07.19"]
[Round "5.46"]
[White "Ribeiro, Romain"]
[Black "Baillargeant, Tony"]
[Result "1/2-1/2"]
[WhiteElo "2204"]
[BlackElo "1930"]
[PlyCount "109"]
[EventDate "2014.??.??"]

1. e4 e6 2. d3 d5 3. Nd2 Nf6 4. Ngf3 Be7 5. c3 c5 6. g3 Nc6 7. Bg2 O-O 8. O-O
b5 9. Re1 Rb8 10. h4 dxe4 11. dxe4 e5 12. Qc2 Qc7 13. Nf1 Ng4 14. Ne3 Nxe3 15.
Bxe3 f6 16. Nh2 Be6 17. Bf3 b4 18. Bg4 Bxg4 19. Nxg4 bxc3 20. bxc3 Na5 21. Qa4
Rfd8 22. Red1 Rxd1+ 23. Rxd1 Rd8 24. Rd5 Rxd5 25. exd5 Kf7 26. c4 Qb6 27. Bd2
Nb7 28. Ne3 Nd6 29. Qc2 g6 30. Bc3 Qa6 31. a4 h5 32. Kh2 Bf8 33. Qb3 Qb6 34.
Qxb6 axb6 35. a5 bxa5 36. Bxa5 Bh6 37. Bb6 Bxe3 38. fxe3 Nxc4 39. Bxc5 e4 40.
Kg2 Ke8 41. Bd4 f5 42. Kf2 Kd7 43. Bc5 Nb2 44. Ke2 Na4 45. Bd4 Kd6 46. Kd2 Kxd5
47. Kc2 Kc4 48. Kd2 Kb3 49. Kc1 Nc3 50. Kd2 Nb5 51. Bf6 Na3 52. Kc1 Nc4 53. Bd4
Nd6 54. Kd2 Nb5 55. Be5 1/2-1/2

[Event "29ème Open International d'Echecs d'Avoi"]
[Site "Avoine"]
[Date "2014.07.23"]
[Round "5.47"]
[White "Toure, Vasanth"]
[Black "Schmit, Vincent"]
[Result "0-1"]
[WhiteElo "1913"]
[BlackElo "2144"]
[PlyCount "140"]
[EventDate "2014.??.??"]

1. e4 e5 2. Nf3 Nc6 3. Bc4 Nf6 4. d3 Be7 5. h3 O-O 6. O-O h6 7. c3 d6 8. Re1
Kh8 9. Nbd2 Ng8 10. d4 f5 11. dxe5 dxe5 12. Bd5 fxe4 13. Bxe4 Bd6 14. Nc4 Nge7
15. b4 Be6 16. Ne3 Qe8 17. Bb2 Rd8 18. Qc2 Rf4 19. a3 a5 20. Re2 Qh5 21. Nf1
Bc4 22. Ng3 Qf7 23. Ree1 Rf8 24. Bc1 Rf6 25. Bd3 Be6 26. Ne4 Rxf3 27. gxf3 Qxf3
28. Re3 Qh5 29. Bf1 Nf5 30. Ng3 Nxe3 31. Bxe3 Qf7 32. Re1 Ne7 33. Bg2 Nd5 34.
bxa5 Nxe3 35. Rxe3 Bd5 36. Qe2 Bc5 37. Bxd5 Qxd5 38. Rxe5 Qd6 39. Re3 Bxe3 40.
Qxe3 Qxa3 41. Qe5 Qc1+ 42. Kg2 Qf4 43. Qc5 Qf3+ 44. Kg1 Kh7 45. h4 Rf4 46. h5
Rf6 47. Qd4 Rd6 48. Qc5 Rd1+ 49. Kh2 c6 50. c4 Rd7 51. Kg1 Rf7 52. Qd4 Re7 53.
Qc5 Qf6 54. Qb4 Qe5 55. Qb1+ Kh8 56. Qb6 Qd6 57. Kg2 Qd7 58. Qc5 Kh7 59. Kh2
Kh8 60. Kg2 Qc7 61. Kg1 Re5 62. Qf8+ Kh7 63. c5 Qxa5 64. Qd6 Qxc5 65. Qd3+ Kg8
66. Qb3+ Qd5 67. Qxb7 Re1+ 68. Kh2 Re8 69. Kg1 Qe6 70. Kg2 c5 0-1

[Event "29ème Open International d'Echecs d'Avoi"]
[Site "Avoine"]
[Date "2014.07.19"]
[Round "5.48"]
[White "Dubois, Pierre"]
[Black "Grateau, Jean-Noel"]
[Result "1-0"]
[WhiteElo "2124"]
[BlackElo "1929"]
[PlyCount "87"]
[EventDate "2014.??.??"]

1. e4 c5 2. c3 Nf6 3. e5 Nd5 4. Bc4 Qc7 5. Nf3 Nb6 6. Bb3 Nc6 7. d4 cxd4 8.
cxd4 d5 9. exd6 Qxd6 10. O-O Be6 11. Bxe6 Qxe6 12. Nc3 Rd8 13. Bf4 Nd5 14. Bg3
Qd7 15. Ne4 e6 16. Ne5 Nxe5 17. dxe5 Be7 18. Qd4 b6 19. Nd6+ Kf8 20. Rac1 g6
21. Rc2 f5 22. Rfc1 Kg7 23. h3 g5 24. Rc6 Rhf8 25. f3 h5 26. Bf2 Kh7 27. R1c4
Rg8 28. Qd2 Rg7 29. Qc1 Bf8 30. Bd4 Be7 31. b3 Bf8 32. a4 Qe7 33. Rc8 Rxc8 34.
Rxc8 Rg8 35. Rb8 Bg7 36. Rb7 Qd8 37. Nf7 Qc8 38. Qxg5 Nf4 39. Qxf4 Qxb7 40.
Ng5+ Kh8 41. Nxe6 Bf8 42. Nxf8 Rxf8 43. Qh6+ Kg8 44. e6 1-0

[Event "29ème Open International d'Echecs d'Avoi"]
[Site "Avoine"]
[Date "2014.07.19"]
[Round "5.49"]
[White "De Lussac, Rainier"]
[Black "Rubino, William"]
[Result "0-1"]
[WhiteElo "1907"]
[BlackElo "2116"]
[PlyCount "82"]
[EventDate "2014.??.??"]

1. Nf3 Nf6 2. d4 d5 3. c4 e6 4. Nc3 c6 5. cxd5 exd5 6. Bg5 Bf5 7. e3 Nbd7 8.
Nh4 Bg6 9. Be2 Qb6 10. a3 Be7 11. O-O Ng8 12. Nxg6 hxg6 13. Bf4 Ngf6 14. h3 Nf8
15. b4 Ne6 16. Bh2 a6 17. Rb1 Qd8 18. Na4 b5 19. Nb2 Ne4 20. Qc2 Qd7 21. Nd3
Bf6 22. Rfc1 Nd8 23. Bf3 Nd6 24. Bg4 Qe7 25. Nc5 Nc4 26. Rb3 O-O 27. Bd7 Ra7
28. Bc8 a5 29. Kf1 Ne6 30. Bxe6 fxe6 31. Nd3 a4 32. Rc3 Bxd4 33. Rxc4 dxc4 34.
Nf4 Bxe3 35. Nxg6 Qf6 36. Nxf8 Bxc1 37. Bd6 Bh6 38. Qe4 Qa1+ 39. Ke2 Qb2+ 40.
Kf3 Qf6+ 41. Kg3 e5 0-1

[Event "29ème Open International d'Echecs d'Avoi"]
[Site "Avoine"]
[Date "2014.07.23"]
[Round "5.50"]
[White "Brard, Laurent"]
[Black "Deslias, Gregoire"]
[Result "1/2-1/2"]
[WhiteElo "1882"]
[BlackElo "2110"]
[PlyCount "81"]
[EventDate "2014.??.??"]

1. d4 Nf6 2. c4 e6 3. g3 d5 4. Nf3 Be7 5. Bg2 O-O 6. O-O dxc4 7. Qc2 a6 8. Qxc4
b5 9. Qc2 Bb7 10. Bd2 b4 11. Bf4 Nd5 12. Ne5 Ra7 13. Bd2 Nf6 14. e4 a5 15. Be3
Ra6 16. Nd2 Nc6 17. Nxc6 Rxc6 18. Qa4 Qa8 19. f3 Rd8 20. Rac1 Nd7 21. Qb5 Rb6
22. Qh5 Ba6 23. Rfe1 Rb5 24. Qh3 c5 25. Bf1 cxd4 26. Bxd4 Rbb8 27. Nc4 Nc5 28.
Red1 Na4 29. Kh1 Bb5 30. Qg4 g6 31. Qf4 Bxc4 32. Bxc4 Nb6 33. Qe5 Rxd4 34. Qxd4
Nxc4 35. Qxc4 Bf6 36. Rc2 a4 37. Rd7 b3 38. axb3 axb3 39. Rcd2 Bxb2 40. Qc7 Rf8
41. Rd8 1/2-1/2

[Event "29ème Open International d'Echecs d'Avoi"]
[Site "Avoine"]
[Date "2014.07.19"]
[Round "5.51"]
[White "Micottis, Dorian"]
[Black "Vekemans, Sylvain"]
[Result "1-0"]
[WhiteElo "2108"]
[BlackElo "1928"]
[PlyCount "75"]
[EventDate "2014.??.??"]

1. e4 c5 2. Nf3 d6 3. d4 cxd4 4. Nxd4 g6 5. Nc3 Bg7 6. Be3 Nc6 7. Qd2 Nf6 8. f3
O-O 9. Bc4 Bd7 10. O-O-O Rc8 11. Bb3 Na5 12. Bg5 Nxb3+ 13. Nxb3 Be6 14. h4 Bxb3
15. cxb3 Qd7 16. Bh6 b5 17. Bxg7 Kxg7 18. Kb1 Qc6 19. h5 Rh8 20. h6+ Kf8 21.
Rc1 Qb7 22. Nd5 Rxc1+ 23. Rxc1 Ne8 24. Qc3 f6 25. Qc8 Qxc8 26. Rxc8 Kf7 27. Ra8
g5 28. Rxa7 Kg6 29. Nxe7+ Kxh6 30. Nf5+ Kh5 31. Ra8 g4 32. fxg4+ Kxg4 33. a4
bxa4 34. bxa4 Kf4 35. a5 Kxe4 36. Rxe8+ Rxe8 37. Nxd6+ Kd5 38. Nxe8 1-0

[Event "29ème Open International d'Echecs d'Avoi"]
[Site "Avoine"]
[Date "2014.07.19"]
[Round "5.52"]
[White "Delalande, Thierry"]
[Black "Guillo, Nicolas"]
[Result "1/2-1/2"]
[WhiteElo "2077"]
[BlackElo "1912"]
[PlyCount "57"]
[EventDate "2014.??.??"]

1. d4 Nf6 2. c4 c5 3. d5 e6 4. Nc3 exd5 5. cxd5 d6 6. e4 g6 7. f4 Bg7 8. Nf3
O-O 9. Be2 Re8 10. e5 dxe5 11. fxe5 Ng4 12. Bg5 Qb6 13. O-O Nxe5 14. Nxe5 Rxe5
15. Bf4 Re8 16. Qd2 Bd7 17. Rad1 Na6 18. Bf3 Rad8 19. Bg5 Bd4+ 20. Kh1 f6 21.
Bf4 g5 22. Bg3 Nb4 23. Bh5 Be3 24. Qe2 Bd4 25. Bxe8 Rxe8 26. Qd2 Be3 27. Qe2
Bd4 28. Qd2 Be3 29. Qe2 1/2-1/2